| 000 | 00615nam a22001937a 4500 | ||
|---|---|---|---|
| 003 | 0 | ||
| 005 | 20240809155928.0 | ||
| 008 | 240809b xxu||||| |||| 00| 0 eng d | ||
| 020 | _a978-93-5751-022-6 | ||
| 050 |
_aTX 911 _b.G36 2023 |
||
| 100 | _aGandhi, Gaurav | ||
| 245 |
_aHospitality and tourism management strategies _cGaurav Gandhi |
||
| 260 |
_aNew Delhi, India _bRandom Publications, LLP _c2023 |
||
| 300 |
_axii, 288 pages ; _c24cm. |
||
| 504 | _aIncludes bibliographical references and index. | ||
| 650 | _aHospitality industry--management. | ||
| 650 | _aTourism--management. | ||
| 942 |
_2lcc _cBK |
||
| 999 |
_c366078 _d366078 |
||